Úradné noviny

Na minha lista:
Detalhes bibliográficos
Formato: Periódico
Idioma:eslovaco
Publicado em: Bratislava Prezídium ministerskej rady 1943
Tags: Adicionar Tag
Sem tags, seja o primeiro a adicionar uma tag!

MARC

LEADER 00000nas2a2200000$$$4500
001 0010796
005 20250730114257.9
041 0 |a slo 
044 |a SK 
245 1 0 |a Úradné noviny 
264 1 |a Bratislava  |b Prezídium ministerskej rady  |c 1943 
300 |a 1 zv. 
773 0 |w eu_un_cat*0010790